Guess the historical people from the picture 2 - Statistics

General Stats
  • This quiz has been taken 136 times
  • The average score is 7 of 16
Answer Stats
Picture Answer % Correct
Adolf Hitler
95%
Nikola Tesla
86%
Winston Churchill
86%
George Washington
83%
Leonardo Da Vinci
75%
Anne Boleyn
52%
Charlemagne
41%
Alexander the Great
37%
Leo Tolstoy
36%
Aristotle
30%
Virginia Woolf
29%
Frédéric Chopin
11%
Ada Lovelace
7%
Sylvia Plath
5%
Empress Matilda
2%
Vera Rubin
1%
No matching quizzes found
Score Distribution
Percent of People with Each Score
Percentile by Number Answered
Your Score History
You have not taken this quiz